Statistics for Three Real and One Fake - World History

Click here to take the quiz!

General Stats

  • This quiz has been taken 32,083 times
  • The average score is 9 of 15

Answer Stats

QuestionAnswer% Correct
Cities that existed in the year 1 A.D.Cape Town
81%
Wars that took place in EuropeFirst Opium War
79%
Ancient GreeksHadrian
76%
Native American civilizationsPicts
69%
Modern-day countries colonized by FranceKenya
68%
People born in AfricaCyrus the Great
67%
Religions of Indian originZoroastrianism
67%
Chinese dynastiesLang
59%
Barbarian tribes that invaded the Roman EmpireCimmerians
58%
Names of popesMagnus
58%
Famous seducers, real or fictionalPagliacci
53%
Real life shipsSS Poseidon
42%
Crops that come from the New WorldCoffee
39%
Things that were invented in FranceVaccines
39%
Female authorsEvelyn Waugh
36%

Score Distribution

Percentile by Number Answered

Percent of People with Each Score

Your Score History

You have not taken this quiz